Countries that were visited by Erdogan - Statistics

General Stats
  • This quiz has been taken 11 times
  • The average score is 59 of 88
Answer Stats
Answer % Correct
Azerbaijan
91%
Germany
91%
Iran
91%
Russia
91%
United Kingdom
91%
United States
91%
Belgium
82%
China
82%
Cyprus
82%
Egypt
82%
France
82%
Greece
82%
India
82%
Iraq
82%
Italy
82%
Jordan
82%
Mexico
82%
Netherlands
82%
Poland
82%
Ukraine
82%
Vatican
82%
Afghanistan
73%
Albania
73%
Algeria
73%
Argentina
73%
Bosnia and Herzegovina
73%
Brazil
73%
Bulgaria
73%
Chile
73%
Colombia
73%
Croatia
73%
Czech Republic
73%
D.R. of Congo
73%
Ecuador
73%
Ethiopia
73%
Japan
73%
Moldova
73%
Pakistan
73%
Peru
73%
Slovakia
73%
Slovenia
73%
South Korea
73%
Spain
73%
Sudan
73%
Venezuela
73%
Belarus
64%
Djibouti
64%
Estonia
64%
Hungary
64%
Ivory Coast
64%
Latvia
64%
Lithuania
64%
Nigeria
64%
Romania
64%
Saudi Arabia
64%
Serbia
64%
Switzerland
64%
Tunisia
64%
United Arab Emirates
64%
Angola
55%
Bahrain
55%
Chad
55%
Cuba
55%
Equatorial Guinea
55%
Ghana
55%
Kazakhstan
55%
Kuwait
55%
Kyrgyzstan
55%
Mali
55%
Mauritania
55%
Montenegro
55%
Mozambique
55%
Oman
55%
Paraguay
55%
Qatar
55%
Senegal
55%
Tanzania
55%
Togo
55%
Uzbekistan
55%
Zambia
55%
Gambia
45%
Guinea
45%
Kenya
45%
Madagascar
45%
Malaysia
45%
Tajikistan
45%
Turkmenistan
45%
Uganda
45%
No matching quizzes found
Score Distribution
Percent of People with Each Score
Percentile by Number Answered
Your Score History
You have not taken this quiz